000 00677cam a2200241 4500500
005 20260405003201.0
041 _afre
042 _adc
100 1 0 _aLacroix, Alexandre
_eauthor
245 0 0 _aVol au-dessus de la mêlée
260 _c2020.
500 _a52
690 _aCarl Schmitt
690 _aConsensus
690 _aHéraclite
690 _aincertitude
690 _aNuance
690 _aParménide
690 _aPolitique
690 _aWittgenstein
786 0 _nPhilosophie magazine | 145 | 1 | 2020-12-01 | p. 35-35 | 1951-1787
856 4 1 _uhttps://shs.cairn.info/magazine-philosophie-magazine-2020-12-1-page-35?lang=fr&redirect-ssocas=7080
999 _c2065117
_d2065117